000 00258nam a22000977a 4500
008 221128b |||||||| |||| 00| 0 eng d
020 _a978162687739
100 _aRobert T. Kiyosaki
_97630
245 _aRich Dad Poor Dad
260 _aUSA
_bPlata Publications
_c2022
999 _c12151
_d12151